000 00892nam a2200241 u 4500
005 20241101063723.0
008 171019s2016 mx r 000 0 spa d
020 _a9786075240251
035 _aUPN01000221167
049 _aCG
050 4 _aHN113.5
_bA7.6
245 0 0 _aAspirar a un mundo distinto :
_binvestigaciones sobre paz, conflictos y violencia en México /
_ccoord. Abraham Osorio Ballesteros.
260 _aMéxico :
_bUniversidad Autónoma del Estado de México :
_bMiguel Angel Porrúa,
_cc2016.
300 _a229 p. :
_btablas, cuadros
440 4 _aLas ciencias sociales.
_pTercera década
651 7 _aMéxico
_xCondiciones sociales
_y1970-
_2
_97494
650 4 _aPAZ -
_zMEXICO
_926317
650 4 _aCONFLICTO SOCIAL -
_zMEXICO
_910204
650 4 _aViolencia
_zMéxico
_91562
700 1 _aOsorio Ballesteros, Abraham,
_ecoord.
_941104
905 _aLibro
999 _c193266
_d193266